000
00315nam a2200121 a 4500
005
20140414132053.0
008
110715s19uu xx 00 eng d
050
_a
ER
_b
D19 2002
100
_a
Danziger, Paula
245
_a
It's a fair day, amber brown.
260
_a
New York :
_b
Scholastic,
_c
2002.
999
_c
114236
_d
114236